Karabaj baškírský národní ranec ; Kolomijka : guculský národní tanec /

Hlavní autor: Řáha, Josef, 1902-1972
Jazyk: Nelze použít, není lingvistický obsah
Vydáno: Praha : Hudební matice, 1950
Vydání: 1. vyd.
Edice: Collection tempo
Fyzický popis: 20 hlasů
Hudebniny Hudebniny
Uloženo v:
LEADER 00872ncm a22002532a 4500
001 001092382
003 CZ BrMZK
005 20110310103949.0
007 qu
008 100401s1950 xr |||||||||||||||||zxx d
040 |a BOA001  |b cze 
072 7 |a 785  |x Instrumentální hudba. Symfonická hudba. Hudba pro více nástrojů  |2 Konspekt  |9 9 
100 1 |a Řáha, Josef,  |d 1902-1972  |7 xx0030621  |4 cmp 
245 1 0 |a Karabaj  |h [hudebnina]  |b baškírský národní ranec ; Kolomijka : guculský národní tanec /  |c Josef Řáha 
250 |a 1. vyd. 
260 |a Praha :  |b Hudební matice,  |c 1950 
300 |a 20 hlasů 
490 1 |a Collection tempo ;  |v 68 
500 |a Velký orchestr 
830 0 |a Collection tempo 
910 |a BOA001  |b Mus3-0312.973 
990 |a MU 
991 |b 201103 
996 6 |b 2619449358  |c Mus3-0312.973  |l MZK  |r Sklad / do 1 hodiny  |n 0  |w 001117583  |u 000010  |a 1  |e BOA001  |j MZK50  |s P